000 00559nam a2200205Ia 4500
005 20250326145215.0
008 250326s9999 xx 000 0 und d
037 _aTextbook
040 _aFMSL
_beng
_cFMSL
041 _aeng
_2eng
084 _aB2Tob8BE2 P9
_qFMSL
100 _aDudek G
_9740865
245 0 _aCollaborative planning in supply chains
_cDudek G
250 _a2
260 _aUSA
_bUSA, Springer
_c2009
365 _b6055.4340000000002
650 _aManagement
942 _cTB
_hB2Tob8BE2 P9
999 _c1306751
_d1306751